|
|
|
|
| LEADER |
00920ncm a22002532a 4500 |
| 001 |
001226438 |
| 003 |
CZ BrMZK |
| 005 |
20120626092200.0 |
| 007 |
qu |
| 008 |
960101s1927 xr f cze d |
| 040 |
|
|
|a BOA001
|b cze
|
| 072 |
|
7 |
|a 784
|x Vokální hudba
|2 Konspekt
|9 9
|
| 100 |
1 |
|
|a Johnson, Howard,
|d 1908-1991
|7 mzk2011630383
|4 cmp
|
| 245 |
1 |
0 |
|a Co mně o tom můžete říc'?
|h [hudebnina] :
|b dueto a foxtrot /
|c Howard Johnson ; Chas. Tobias a Al Sherman ; slova Ruda Jurist
|
| 260 |
|
|
|a Praha :
|b Accord,
|c 1927
|
| 300 |
|
|
|a 3 s.
|
| 500 |
|
|
|a Zpěv a klavír
|
| 700 |
1 |
|
|a Tobias, Charles,
|d 1898-1970
|7 mzk2010598363
|4 lyr
|
| 700 |
1 |
|
|a Sherman, Al,
|d 1897-1973
|7 mzk2010594198
|4 lyr
|
| 700 |
1 |
|
|a Jurist, Rudolf,
|d 1880-1966
|7 jk01052245
|4 lyr
|
| 910 |
|
|
|a BOA001
|b Mus4-0616.504
|
| 990 |
|
|
|a MU
|
| 991 |
|
|
|b 201206
|
| 996 |
6 |
|
|b 2619091303
|c Mus4-0616.504
|l MZK
|r Sklad / do 1 hodiny
|n 0
|w 001260316
|u 000010
|a 1
|e BOA001
|j MZK50
|s P
|